书目信息 |
| 题名: |
另一个清华:一位清华教授的留学散记
|
|
| 作者: | 张尧学 著 | |
| 分册: | ||
| 出版信息: | 广州 广州出版社 1999.12 |
|
| 页数: | 261页 | |
| 开本: | 32开 | |
| 丛书名: | ||
| 单 册: | ||
| 中图分类: | I267.1 | |
| 科图分类: | ||
| 主题词: | 散文--中国 , 散文--作品综合集--中国 | |
| 电子资源: | ||
| ISBN: | 7-80655-042-9 | |
| 000 | 00635nam0 2200205 45 | |
| 001 | 0012121122 | |
| 005 | 20001212110611.8 | |
| 010 | @a7-80655-042-9@d14.00元 | |
| 100 | @a20001212d1999 km y0chiy0120 ea | |
| 101 | 0 | @achi |
| 105 | @a z 000yy | |
| 200 | 1 | @a另一个清华:一位清华教授的留学散记@ALing Yi Ge Qing Hua:Yi Wei Qing Hua Jiao Shou De LiuXue San Ji@f张尧学著@FZhang Yao Xue Zhu |
| 210 | @a广州@c广州出版社@d1999.12 | |
| 215 | @a261页@d32开 | |
| 606 | 0 | @a散文@x中国 |
| 606 | 0 | @a散文@x作品综合集@x中国 |
| 690 | @aI267.1@v3 | |
| 701 | 0 | @a张尧学@4著 |
| 801 | @aCN@bPftUser@c20001212 | |
| 905 | @b307098-100@dI267.1@eZH903@f3 | |
| 另一个清华:一位清华教授的留学散记/张尧学著.-广州:广州出版社,1999.12 |
| 261页;32开 |
| ISBN 7-80655-042-9:14.00元 |
| ● |
| 相关链接 |
|
|
|
正题名:另一个清华:一位清华教授的留学散记
索取号:I267.1/ZH903
 
预约/预借
| 序号 | 登录号 | 条形码 | 馆藏地/架位号 | 状态 | 备注 |
| 1 | 307098 | 203070988 | 社科二线400B/400B社科库 27排3列4层/ [索取号:I267.1/ZH903] | 在馆 | |
| 2 | 307099 | 203070997 | 文学库116/ [索取号:I267.1/ZH903] | 在馆 | |
| 3 | 307100 | 203071004 | 社科二线400B/400B社科库 27排3列4层/ [索取号:I267.1/ZH903] | 在馆 |